Province più popolose A-Z - Statistics

Statistiche generali
  • Questo quiz è stato fatto 98 volte
  • Il punteggio medio è 14 su 17
Statistiche sulle risposte
Lettera Provincia % Corretto
R Roma
100%
M Milano
99%
F Firenze
98%
N Napoli
98%
T Torino
94%
G Genova
93%
P Palermo
93%
U Udine
91%
V Verona
88%
A Ancona
79%
E Enna
74%
S Salerno
74%
C Catania
72%
B Brescia
69%
I Imperia
69%
L Lecce
66%
O Oristano
65%
Nessun quiz corrispondente trovato
Distribuzione punteggi
Percentuale di utenti per punteggio
Percentile per numero di risposta
I tuoi punteggi nel tempo
Non hai fatto questo quiz